Statistics for 10 Biggest Cities in Order: Thailand

Click here to take the quiz!

General Stats

  • This quiz has been taken 36 times
  • The average score is 1 of 10

Answer Stats

#Answer% Correct
1Bangkok
100%
7Chiang Mai
13%
2Samut Prakan
6%
8Hat Yai
3%
6Nakhon Ratchasima
3%
9Pak Kret
3%
4Udon Thani
3%
5Chon Buri
0%
3Mueang Nonthaburi
0%
10Si Racha
0%

Score Distribution

Percentile by Number Answered

Percent of People with Each Score

Your Score History

You have not taken this quiz